000 00476nam a2200181Ia 4500
008 191130s2007##################000#0#eng##
020 _a9788184190397
040 _aACL
_cACL
082 _a133.5 KUL
100 _aKuldeep Saluja
245 _aWealth, prosperity & fame
_cKuldeep Saluja
260 _aNew Delhi
_bFusion Books
_c2007
300 _a134 p
650 _aAstrology
990 _a113a836cac10000c53bc22365693c017
991 _a437619
999 _c93318
_d93318